Peterborough United Trivia - Statistics

General Stats
  • This quiz has been taken 17 times
  • The average score is 7 of 16
Answer Stats
Question Answer % Correct
What is Peterborough United’s nickname? The {Posh}
100%
Who is the current manager of Peterborough United? Darren Ferguson
80%
What is the name of Peterborough United’s stadium? Weston Homes Stadium
80%
With which club does Peterborough United contest the Cambridgeshire Derby? Cambridge United
73%
Who is Peterborough United’s record sale, joining Brentford for £5m in 2020? Ivan Toney
73%
Which clubs did Peterborough United beat in consecutive EFL Trophy Finals in 2024 and 2025? Birmingham City
47%
Who scored the winning goal as Peterborough United beat Darlington 1-0 in the 2000 Third Division Play-Off Final? Andy Clarke
40%
Which Peterborough United striker won the 2020/21 League One golden boot, with 31 goals, as they won promotion as runners-up? Jonson Clarke-Harris
33%
Who is Peterborough United's longest-serving manager, taking charge of 488 games during his nine years in charge of the club? Barry Fry
27%
Which Peterborough United manager guided the club to consecutive promotions from the fourth tier to the second tier, as well as victory over Liverpool in the Quarter-Finals of the 1991/92 Rumbelows Cup? Chris Turner
27%
Which clubs did Peterborough United beat in consecutive EFL Trophy Finals in 2024 and 2025? Wycombe Wanderers
27%
In 2006, Peterborough United featured in a Sky Sports documentary based on which former Premier League manager's efforts in assisting then-manager Steve Bleasdale? Ron Atkinson
20%
Who is the current captain of Peterborough United? Sam Hughes
20%
Which Englishman is Peterborough United’s record appearance-maker with 483? Mark Tyler
13%
Who is Peterborough United’s record signing, arriving from Bristol City for £1.3m in 2019? Mo Eisa
13%
Which Scotsman is Peterborough United’s record goalscorer with 126? Peter McNamee
0%
No matching quizzes found
Score Distribution
Percent of People with Each Score
Percentile by Number Answered
Your Score History
You have not taken this quiz